000 00822nam a2200205 a 4500
001 000039204
005 20201002031537.0
008 130611s2004 sp 000 0 spa d
020 _a8400082877
040 _aDO-SdBNP
_bspa
_cBNPHU
100 1 _aChicharro, Antonio
_965393
245 1 0 _aPara una historia del pensamiento literario en España /
_cAntonio Chicharro.
260 _aMadrid :
_bConsejo Superior de Investigaciones Científicas, Instituto de la Lengua Española,
_c2004.
300 _a353 p. ;
_c28 cm.
490 1 _aAnejos de revista de literatura
_v64
504 _aBibliografía : p. 331- 349
500 _aIncluye notas al pie de las páginas
710 2 _aConsejo Superior de Investigaciones Científicas, Instituto de la Lengua Española
_965394
830 0 _aAnejos de revista de literatura
_v64
_915426
999 _c38694
_d38694